!Derivate Magazin

Gespeichert in:
Bibliographische Detailangaben
Format: Schriftenreihe
Sprache:Deutsch
Veröffentlicht: Berlin Andreas Schmidt 2011
Schlagworte:
Tags: Tag hinzufügen
Keine Tags, Fügen Sie das erste Tag hinzu!

MARC

LEADER 00000nas2a2200000 4500
001 0211979
005 20160203140045.2
041 0 |a ger 
044 |a DE 
245 1 0 |a !Derivate Magazin 
264 1 |a Berlin  |b Andreas Schmidt  |c 2011 
773 0 |w eu_un_cat*0078243 
610 2 0 |a trh finančný 
610 2 0 |a deriváty 
610 2 0 |a investície 
610 2 0 |a rozhodovanie investičné